000 00455nam a2200157 i 4500
001 72123
003 ES-MaACL
005 20230906171329.0
007 t|
008 040826s1966 sp ||||1| spa d
100 1 _aGila, Miguel.
_956904
245 1 3 _aLa jalea, el bizco y los demás /
_cMiguel Gila ; con ilustraciones del autor.
260 _aBarcelona :
_bDima,
_c1966.
300 _a129 p., 18 lám. ;
_c22 cm.
852 _aES-MaACL
_jC-31281
_bR.61920
999 _c72123
_d72123